Classical mechanics : an undergraduate text /

Guardado en:
Autor Principal: Gregory, R. Douglas.
Formato: Libro
Idioma:English
Publicado: Cambridge, UK ; New York : Cambridge University Press, c2006.
Materias:
Acceso en línea:Publisher description
Table of contents only
Contributor biographical information
Etiquetas: Agregar Etiqueta
Sin Etiquetas, Sea el primero en etiquetar este registro!
LEADER 01164cam a22002897a 4500
001 MAT.inmabb006827
008 060809s2006####enka#####b####001#0#eng#d
005 20140313141905.0
245 1 0 |a Classical mechanics :  |b an undergraduate text /  |c R. Douglas Gregory. 
260 |a Cambridge, UK ;  |a New York :  |b Cambridge University Press,  |c c2006. 
300 |a xii, 596 p. :  |b il. ;  |c 26 cm. 
504 |a Incluye referencias bibliográficas (p. [589]-590) e índice. 
510 4 |a MR,  |c 2007f:70001 
020 |a 0521826780 (hbk.) 
020 |a 0521534097 (pbk.) 
020 |a 9780521826785 
020 |a 9780521534093 
100 1 |a Gregory, R. Douglas. 
650 0 |a Mechanics. 
084 |a 70-01  |2 msc2000 
010 |a  2006280036 
016 7 |a 013301636  |2 Uk 
040 |a UKM  |c UKM  |d BAKER  |d BWKUK  |d WAU  |d DLC 
856 4 2 |3 Publisher description  |u http://www.loc.gov/catdir/enhancements/fy0665/2006280036-d.html 
856 4 1 |3 Table of contents only  |u http://www.loc.gov/catdir/enhancements/fy0665/2006280036-t.html 
856 4 2 |3 Contributor biographical information  |u http://www.loc.gov/catdir/enhancements/fy0732/2006280036-b.html 
859 |h 70  |i G822  |p A-8883  |b BIB. MATEMATICA